Statistics for Countries in FIBA World Cup 2006

Click here to take the quiz!

General Stats

  • This quiz has been taken 12 times
  • The average score is 18 of 23

Answer Stats

RankCountry% Correct
4th PlaceArgentina
100%
8th PlaceGermany
100%
Champions (1st Place)Spain
100%
(3rd Place)United States
100%
9th PlaceAngola
91%
17th PlaceBrazil
91%
9th PlaceChina
91%
Host (17th Place)Japan
91%
9th PlaceAustralia
82%
5th PlaceFrance
82%
Runners-Up (2nd Place)Greece
82%
9th PlaceNew Zealand
82%
9th PlaceNigeria
82%
9th PlaceSlovenia
82%
6th PlaceTurkey
82%
7th PlaceLithuania
73%
9th PlaceSerbia and Montenegro
73%
21st PlaceVenezuela
73%
17th PlacePuerto Rico
64%
17th PlaceLebanon
45%
21st PlacePanama
45%
21st PlaceSenegal
45%
21st PlaceQatar
36%

Score Distribution

Percentile by Number Answered

Percent of People with Each Score

Your Score History

You have not taken this quiz